[Event "Paris-ch op-A 89th"]
[Site "Paris"]
[Date "2014.07.13"]
[Round "9"]
[White "Leuly, Max"]
[Black "Lebrun, Xavier"]
[Result "1/2-1/2"]
[WhiteElo "2073"]
[BlackElo "2147"]
[PlyCount "20"]
[EventDate "2014.07.05"]
[EventType "swiss"]
[EventRounds "9"]
[EventCountry "FRA"]
[SourceTitle "EXT 2016"]
[Source "ChessBase"]
[SourceDate "2015.10.08"]
[SourceVersion "1"]
[SourceVersionDate "2015.10.08"]
[SourceQuality "1"]

1. d4 Nf6 2. Nf3 e6 3. c4 b6 4. g3 Bb4+ 5. Bd2 Bxd2+ 6. Nbxd2 Bb7 7. Bg2 0-0 8. 0-0 d5 9. Qc2 Nc6 10. Rfd1 Qe7 1/2-1/2

[Event "Syre Memorial op 36th"]
[Site "Issy les Moulineaux"]
[Date "2013.05.09"]
[Round "3"]
[White "Lebrun, Xavier"]
[Black "Hummel, Erik Jan"]
[Result "1-0"]
[WhiteElo "2119"]
[BlackElo "2307"]
[PlyCount "51"]
[EventDate "2013.05.08"]
[EventType "swiss"]
[EventRounds "7"]
[EventCountry "FRA"]
[SourceTitle "EXT 2015"]
[Source "ChessBase"]
[SourceDate "2014.11.20"]
[SourceVersion "1"]
[SourceVersionDate "2014.11.20"]
[SourceQuality "1"]

1. e4 e6 2. d4 d5 3. Nc3 Bb4 4. e5 Qd7 5. Bd2 b6 6. Bb5 c6 7. Ba4 a5 8. a3 Bf8 9. Nce2 Ba6 10. c3 Ne7 11. Bc2 Nf5 12. Nf3 Be7 13. 0-0 0-0 14. Re1 Nh4 15. Nxh4 Bxh4 16. Nf4 Qe7 17. Nh3 Qd8 18. Qh5 g6 19. Qh6 f5 20. exf6 Bxf6 21. Ng5 Bxg5 22. Bxg5 Qd7 23. Re3 Bc8 24. Rae1 Qg7 25. Qh4 Rf7 26. Bh6 1-0

[Event "Paris-ch op-B 87th"]
[Site "Paris"]
[Date "2012.07.14"]
[Round "8"]
[White "Lebrun, Xavier"]
[Black "Pruvot, Louis"]
[Result "1/2-1/2"]
[WhiteElo "2172"]
[BlackElo "2100"]
[PlyCount "117"]
[EventDate "2012.07.07"]
[EventType "swiss"]
[EventRounds "9"]
[EventCountry "FRA"]
[SourceTitle "EXT 2013"]
[Source "ChessBase"]
[SourceDate "2012.11.22"]
[SourceVersion "1"]
[SourceVersionDate "2012.11.22"]
[SourceQuality "1"]

1. e4 c5 2. Nf3 d6 3. Bb5+ Bd7 4. a4 a6 5. Bxd7+ Qxd7 6. a5 Nc6 7. d3 e6 8. Nbd2 Be7 9. Nc4 Bd8 10. 0-0 Nge7 11. b4 Nxb4 12. d4 Nc8 13. c3 Nc6 14. d5 exd5 15. exd5 N6e7 16. Ne3 b5 17. axb6 Nxb6 18. c4 0-0 19. Qc2 Ng6 20. Bb2 f6 21. h3 Nc8 22. Ra3 Nce7 23. Rfa1 Qb7 24. Bc3 Ne5 25. Nd2 Nd7 26. Ne4 Bc7 27. Qa2 Nb8 28. g4 Qc8 29. Ng3 Qe8 30. Qb2 Ra7 31. Re1 Qf7 32. Nef5 Nxf5 33. Nxf5 Re8 34. Raa1 Re5 35. Rxe5 fxe5 36. f4 Nd7 37. fxe5 Nxe5 38. Bxe5 dxe5 39. d6 Bd8 40. Qb8 Rd7 41. Rf1 Qe8 42. Qa8 g6 43. Qd5+ Kh8 44. Ne7 Bxe7 45. Qxe5+ Kg8 46. Qe6+ Kg7 47. Qe5+ Kg8 48. Rf6 a5 49. Re6 Kf7 50. dxe7 Kg8 51. Qxc5 a4 52. Qe5 a3 53. Ra6 Rxe7 54. Qd5+ Kg7 55. Qd4+ Kg8 56. Qd5+ Kg7 57. Qd4+ Kg8 58. Qd5+ Kg7 59. Qd4+ 1/2-1/2

[Event "Paris-ch op-B 87th"]
[Site "Paris"]
[Date "2012.07.09"]
[Round "3"]
[White "Le Fournier, Bastien"]
[Black "Lebrun, Xavier"]
[Result "1-0"]
[WhiteElo "1932"]
[BlackElo "2172"]
[PlyCount "77"]
[EventDate "2012.07.07"]
[EventType "swiss"]
[EventRounds "9"]
[EventCountry "FRA"]
[SourceTitle "EXT 2013"]
[Source "ChessBase"]
[SourceDate "2012.11.22"]
[SourceVersion "1"]
[SourceVersionDate "2012.11.22"]
[SourceQuality "1"]

1. e4 e5 2. Nf3 d6 3. d4 exd4 4. Nxd4 Nf6 5. Nc3 Be7 6. Bc4 0-0 7. 0-0 Re8 8. Re1 Bf8 9. a4 c6 10. Bg5 Nbd7 11. h3 h6 12. Bh4 Qc7 13. Ba2 g6 14. g4 Bg7 15. Bg3 a6 16. Qd2 Nc5 17. f3 a5 18. Bc4 Nfd7 19. f4 Nf6 20. e5 dxe5 21. fxe5 Nh7 22. Qf2 Ng5 23. Kg2 Nce6 24. Rad1 Qe7 25. Ne4 Nxe4 26. Rxe4 Qb4 27. b3 Qc5 28. c3 Nxd4 29. Qxf7+ Kh7 30. Qxe8 Be6 31. Qxa8 Bxc4 32. Rexd4 Bd5+ 33. Rxd5 cxd5 34. Qxb7 Qe3 35. Qxd5 Qe2+ 36. Bf2 h5 37. Rd2 Qa6 38. gxh5 Bh6 39. Qf7+ 1-0

[Event "Paris-ch op-B 87th"]
[Site "Paris"]
[Date "2012.07.07"]
[Round "1"]
[White "Cozette, Michael"]
[Black "Lebrun, Xavier"]
[Result "0-1"]
[WhiteElo "1968"]
[BlackElo "2172"]
[PlyCount "60"]
[EventDate "2012.07.07"]
[EventType "swiss"]
[EventRounds "9"]
[EventCountry "FRA"]
[SourceTitle "EXT 2013"]
[Source "ChessBase"]
[SourceDate "2012.11.22"]
[SourceVersion "1"]
[SourceVersionDate "2012.11.22"]
[SourceQuality "1"]

1. e4 e5 2. Nf3 d6 3. d4 exd4 4. Nxd4 Nf6 5. Nc3 Be7 6. Bc4 0-0 7. 0-0 Re8 8. Re1 Bf8 9. Bg5 c6 10. a4 Nbd7 11. Qd2 h6 12. Bf4 Ne5 13. Ba2 Ng6 14. Rad1 Nxf4 15. Qxf4 Qa5 16. h3 Qe5 17. Qd2 Bd7 18. f4 Qc5 19. Kh1 Rad8 20. f5 a6 21. Qf4 b5 22. g4 b4 23. Nb1 Re7 24. c3 Rde8 25. cxb4 Qxb4 26. Nc3 Qxb2 27. Rd3 Nxe4 28. Rxe4 Rxe4 29. Bxf7+ Kxf7 30. Nxe4 Qb1+ 0-1

[Event "FRA-ch Accession"]
[Site "Caen"]
[Date "2011.08.18"]
[Round "3"]
[White "Stephan, Victor"]
[Black "Lebrun, Xavier"]
[Result "1-0"]
[WhiteElo "2280"]
[BlackElo "2208"]
[PlyCount "107"]
[EventDate "2011.08.16"]
[EventType "swiss"]
[EventRounds "11"]
[EventCountry "FRA"]
[SourceTitle "CBM 144 Extra"]
[Source "ChessBase"]
[SourceDate "2011.10.28"]
[SourceVersion "1"]
[SourceVersionDate "2011.10.28"]
[SourceQuality "1"]

1. d4 Nf6 2. c4 g6 3. Nc3 Bg7 4. e4 0-0 5. Nf3 d6 6. Be2 e5 7. 0-0 Nc6 8. d5 Ne7 9. Ne1 Nd7 10. Nd3 f5 11. Bd2 Nf6 12. f3 f4 13. Rc1 g5 14. c5 Ng6 15. Nb5 Rf7 16. Ba5 b6 17. cxd6 bxa5 18. dxc7 Qf8 19. Qd2 g4 20. Nc5 gxf3 21. gxf3 a6 22. Qxa5 Ne8 23. d6 axb5 24. Qxa8 Nxd6 25. Rfd1 Rxc7 26. Qd5+ Nf7 27. Ne6 Bxe6 28. Qxe6 Re7 29. Qd5 Bf6 30. Qxb5 Kg7 31. Rd7 Ng5 32. Rxe7+ Bxe7 33. Qc6 Kh6 34. a4 Qb8 35. h4 Qa7+ 36. Kg2 Nh3 37. Rf1 Qe3 38. Qc4 Nxh4+ 39. Kxh3 Qb6 40. Qf7 Qc7 41. Rg1 Qd7+ 42. Kh2 Ng6 43. a5 Qd2 44. Rg2 Bh4 45. Bf1 Qd1 46. Qc4 Bg3+ 47. Kh1 Nh4 48. a6 Nxg2 49. Kxg2 Qd2+ 50. Qe2 Qd4 51. b4 Kg5 52. Qa2 Qb6 53. b5 Kh4 54. a7 1-0

[Event "Syre Memorial op 34th"]
[Site "Issy les Moulineaux"]
[Date "2011.06.04"]
[Round "3"]
[White "Lebrun, Xavier"]
[Black "Huchet, Francois"]
[Result "1-0"]
[WhiteElo "2221"]
[BlackElo "2004"]
[PlyCount "37"]
[EventDate "2011.06.03"]
[EventType "swiss"]
[EventRounds "6"]
[EventCountry "FRA"]
[SourceTitle "EXT 2012"]
[Source "ChessBase"]
[SourceDate "2011.11.24"]
[SourceVersion "1"]
[SourceVersionDate "2011.11.24"]
[SourceQuality "1"]

1. e4 c5 2. Nf3 e6 3. c3 d5 4. e5 Nc6 5. d4 Qb6 6. Bd3 Bd7 7. dxc5 Bxc5 8. 0-0 f6 9. b4 Bf8 10. a4 Qc7 11. Bf4 f5 12. Na3 h6 13. Nb5 Qd8 14. Bxf5 exf5 15. e6 Bxe6 16. Re1 Kf7 17. Nc7 Nf6 18. Nxe6 Qd7 19. b5 1-0

[Event "FRA-chT2 1011"]
[Site "France"]
[Date "2010.11.14"]
[Round "2.5"]
[White "Lebrun, Xavier"]
[Black "Legrand, Stephane"]
[Result "1/2-1/2"]
[WhiteElo "2165"]
[BlackElo "2134"]
[PlyCount "62"]
[EventDate "2010.10.17"]
[EventType "team-tourn"]
[EventRounds "11"]
[EventCountry "FRA"]
[SourceTitle "EXT 2012"]
[Source "ChessBase"]
[SourceDate "2011.11.24"]
[SourceVersion "1"]
[SourceVersionDate "2011.11.24"]
[SourceQuality "1"]

1. e4 e5 2. Nf3 Nc6 3. Bb5 f5 4. Bxc6 dxc6 5. Qe2 fxe4 6. Qxe4 Bd6 7. Nxe5 Nf6 8. Qe2 0-0 9. d4 Re8 10. 0-0 Bxe5 11. dxe5 Qd4 12. Qe3 Qxe5 13. Qxe5 Rxe5 14. Na3 Bf5 15. Bf4 Re7 16. Rfe1 Rae8 17. Kf1 b5 18. Rxe7 Rxe7 19. Rc1 Nd5 20. Bd2 a6 21. Re1 Kf7 22. Rxe7+ Kxe7 23. Ke1 b4 24. Nc4 Bxc2 25. Ne3 Bb1 26. Nxd5+ cxd5 27. Bxb4+ Ke6 28. a3 d4 29. Kd2 Kd5 30. Bf8 g6 31. Bg7 c5 1/2-1/2

[Event "Syre Memorial op 33th"]
[Site "Issy les Moulineaux"]
[Date "2010.05.14"]
[Round "1"]
[White "Lebrun, Xavier"]
[Black "Torralba, Michel"]
[Result "1-0"]
[WhiteElo "2161"]
[BlackElo "1977"]
[PlyCount "53"]
[EventDate "2010.05.13"]
[EventType "swiss"]
[EventRounds "6"]
[EventCountry "FRA"]
[SourceTitle "EXT 2011"]
[Source "ChessBase"]
[SourceDate "2010.11.26"]
[SourceVersion "1"]
[SourceVersionDate "2010.11.26"]
[SourceQuality "1"]

1. e4 c5 2. Nf3 Nc6 3. Bb5 e6 4. 0-0 Nge7 5. c3 a6 6. Ba4 b5 7. Bc2 d5 8. d3 dxe4 9. dxe4 Qc7 10. a4 b4 11. Nbd2 Bb7 12. Nc4 Rd8 13. Qe2 Ng6 14. e5 Be7 15. a5 0-0 16. Re1 Kh8 17. Ng5 Bxg5 18. Bxg5 f6 19. exf6 gxf6 20. Bh6 Rfe8 21. Qh5 Qf7 22. Qxc5 Nh4 23. Be4 Rd5 24. Bxd5 exd5 25. Nd6 Nf3+ 26. Kh1 Rxe1+ 27. Rxe1 1-0

[Event "Gif sur Yvette op 1st"]
[Site "Gif sur Yvette"]
[Date "2010.02.28"]
[Round "9"]
[White "Lebrun, Xavier"]
[Black "Kulaots, Kaido"]
[Result "0-1"]
[WhiteElo "2168"]
[BlackElo "2584"]
[PlyCount "72"]
[EventDate "2010.02.21"]
[EventType "swiss"]
[EventRounds "9"]
[EventCountry "FRA"]
[SourceTitle "EXT 2011"]
[Source "ChessBase"]
[SourceDate "2010.11.26"]
[SourceVersion "1"]
[SourceVersionDate "2010.11.26"]
[SourceQuality "1"]

1. e4 c5 2. Nf3 e6 3. d4 cxd4 4. Nxd4 a6 5. Bd3 Nf6 6. 0-0 Qc7 7. Kh1 d6 8. f4 Nbd7 9. Nc3 Be7 10. Qf3 b6 11. Bd2 Bb7 12. b4 g6 13. Qh3 0-0 14. Rae1 Rae8 15. Nf3 Nh5 16. Ne2 Ndf6 17. g4 Ng7 18. Ng3 d5 19. e5 Ne4 20. Bxe4 dxe4 21. Nxe4 Rd8 22. Kg1 Bxe4 23. Rxe4 Qxc2 24. Re2 h5 25. gxh5 Nxh5 26. Rg2 Kh8 27. Rc1 Qd3 28. Rc7 Rd7 29. Rxd7 Qxd7 30. Ng5 Qd4+ 31. Kf1 Qc4+ 32. Kg1 Bxb4 33. Bxb4 Qxb4 34. Kh1 Qxf4 35. Rg4 Qxe5 36. Qh4 Qf5 0-1

[Event "FRA-chT2 0910"]
[Site "France"]
[Date "2009.11.22"]
[Round "4.5"]
[White "Toma, Michal"]
[Black "Lebrun, Xavier"]
[Result "1-0"]
[WhiteElo "2203"]
[BlackElo "2171"]
[PlyCount "55"]
[EventDate "2009.09.27"]
[EventType "team-tourn"]
[EventRounds "11"]
[EventCountry "FRA"]
[SourceTitle "EXT 2011"]
[Source "ChessBase"]
[SourceDate "2010.11.26"]
[SourceVersion "1"]
[SourceVersionDate "2010.11.26"]
[SourceQuality "1"]

1. e4 d6 2. g3 Nf6 3. Bg2 h5 4. h3 e5 5. Nc3 Nc6 6. d3 h4 7. g4 Nd4 8. f4 exf4 9. Bxf4 Be7 10. Nf3 Ne6 11. Bd2 c6 12. Qc1 Nh7 13. Ne2 Nhg5 14. Ned4 Nxd4 15. Nxd4 Bf6 16. Ne2 Qe7 17. 0-0 Bd7 18. c3 0-0-0 19. Qc2 d5 20. exd5 Bxg4 21. Nf4 Qc5+ 22. d4 Bxd4+ 23. Kh1 Bd7 24. Nd3 Qe7 25. Rae1 Ne6 26. dxe6 Bxe6 27. cxd4 Rxd4 28. Bc3 1-0

[Event "Montigny le Bretonneux-A 8th"]
[Site "Montigny le Bretonneux"]
[Date "2009.11.01"]
[Round "9"]
[White "Lebrun, Xavier"]
[Black "Forissier, Nicolas"]
[Result "1/2-1/2"]
[WhiteElo "2188"]
[BlackElo "1987"]
[PlyCount "37"]
[EventDate "2009.10.24"]
[EventType "tourn"]
[EventRounds "9"]
[EventCountry "FRA"]
[SourceTitle "EXT 2010"]
[Source "ChessBase"]
[SourceDate "2010.11.25"]
[SourceVersion "1"]
[SourceVersionDate "2010.11.25"]
[SourceQuality "1"]

1. e4 e5 2. Nf3 Nc6 3. Bb5 a6 4. Ba4 b5 5. Bb3 Nf6 6. 0-0 Be7 7. Re1 0-0 8. h3 d6 9. c3 Re8 10. d4 h6 11. Nbd2 Bf8 12. d5 Nb8 13. a4 Bb7 14. c4 bxc4 15. Nxc4 c6 16. dxc6 Nxc6 17. Be3 Rb8 18. Bb6 Qe7 19. a5 1/2-1/2

[Event "Montigny le Bretonneux-A 8th"]
[Site "Montigny le Bretonneux"]
[Date "2009.10.31"]
[Round "8"]
[White "Lebrun, Xavier"]
[Black "Baron, Romuald"]
[Result "1-0"]
[WhiteElo "2188"]
[BlackElo "1998"]
[PlyCount "81"]
[EventDate "2009.10.24"]
[EventType "tourn"]
[EventRounds "9"]
[EventCountry "FRA"]
[SourceTitle "EXT 2010"]
[Source "ChessBase"]
[SourceDate "2010.11.25"]
[SourceVersion "1"]
[SourceVersionDate "2010.11.25"]
[SourceQuality "1"]

1. e4 e6 2. d4 d5 3. e5 c5 4. c3 Nc6 5. Nf3 Nh6 6. Bd3 Qb6 7. dxc5 Bxc5 8. 0-0 Ng4 9. Qe2 f6 10. exf6 Nxf6 11. Bf4 Nh5 12. Bd2 Nf6 13. Na3 a6 14. b4 Bd6 15. c4 Bxb4 16. Rab1 Qc5 17. cxd5 Bxa3 18. dxc6 Qxc6 19. Ne5 Qc7 20. Bf4 Bd6 21. Rfc1 Qe7 22. Qc2 Bxe5 23. Bxe5 0-0 24. Qe2 Nd5 25. Qh5 Nf6 26. Qh4 Qd7 27. Rd1 Qe7 28. Bxh7+ Kf7 29. Bd6 Qe8 30. Bxf8 Qxf8 31. Rbc1 Qe7 32. Qg3 Bd7 33. Bg6+ Kg8 34. Rc7 b5 35. Qh4 Rd8 36. h3 a5 37. Qd4 Nd5 38. Ra7 Qg5 39. Qg4 Qe5 40. Qe4 Qb8 41. Rxd7 1-0

[Event "Montigny le Bretonneux-A 8th"]
[Site "Montigny le Bretonneux"]
[Date "2009.10.29"]
[Round "6"]
[White "Lebrun, Xavier"]
[Black "Debray, Christopher"]
[Result "0-1"]
[WhiteElo "2188"]
[BlackElo "2328"]
[PlyCount "88"]
[EventDate "2009.10.24"]
[EventType "tourn"]
[EventRounds "9"]
[EventCountry "FRA"]
[SourceTitle "EXT 2010"]
[Source "ChessBase"]
[SourceDate "2010.11.25"]
[SourceVersion "1"]
[SourceVersionDate "2010.11.25"]
[SourceQuality "1"]

1. e4 c6 2. d4 d5 3. e5 c5 4. c3 Nc6 5. Nf3 cxd4 6. cxd4 Bg4 7. Be2 Qb6 8. 0-0 e6 9. Nbd2 Nge7 10. b3 Ng6 11. g3 Be7 12. Bb2 0-0 13. Kg2 f6 14. h3 Bf5 15. h4 fxe5 16. h5 exd4 17. hxg6 d3 18. gxh7+ Bxh7 19. Nh4 dxe2 20. Qxe2 e5 21. Rh1 Rf6 22. f4 Raf8 23. Raf1 Bc5 24. Nhf3 Nd4 25. Bxd4 exd4 26. Rxh7 Kxh7 27. Qd3+ g6 28. Ne5 Qa6 29. Qxa6 Rxa6 30. a4 Rd8 31. Nef3 b5 32. axb5 Ra2 33. Kh3 Kg7 34. Kg4 Bb4 35. Rd1 Bc3 36. Nb1 Rb2 37. Nxc3 dxc3 38. Rxd5 Rc8 39. Ne5 c2 40. Kg5 c1Q 41. Rd7+ Kf8 42. Kf6 Qc5 43. Rh7 Qd6+ 44. Kg5 Rc5 0-1

[Event "Syre Memorial op 32nd"]
[Site "Issy les Moulineaux"]
[Date "2009.05.23"]
[Round "4"]
[White "Xavier, Lourdes"]
[Black "Lebrun, Xavier"]
[Result "1/2-1/2"]
[WhiteElo "2010"]
[BlackElo "2210"]
[PlyCount "61"]
[EventDate "2009.05.21"]
[EventType "swiss"]
[EventRounds "6"]
[EventCountry "FRA"]
[SourceTitle "EXT 2010"]
[Source "ChessBase"]
[SourceDate "2010.11.25"]
[SourceVersion "1"]
[SourceVersionDate "2010.11.25"]
[SourceQuality "1"]

1. d4 Nf6 2. c4 g6 3. Nf3 Bg7 4. Nc3 d6 5. Bg5 0-0 6. e3 c5 7. Bd3 Bg4 8. h3 Bxf3 9. Qxf3 cxd4 10. exd4 Qb6 11. 0-0 Qxd4 12. Nb5 Qc5 13. Qxb7 Qxg5 14. Qxa8 Nbd7 15. Qxa7 Nc5 16. Qa3 Nh5 17. Be2 Nf4 18. Qf3 Bxb2 19. Rab1 Be5 20. Rfe1 f5 21. Bf1 Ne4 22. Rbd1 Qh6 23. Nc7 e6 24. Nb5 g5 25. Rxe4 fxe4 26. Qxe4 Qf6 27. f3 d5 28. cxd5 exd5 29. Qc2 g4 30. hxg4 h5 31. g3 1/2-1/2

[Event "Syre Memorial op 32nd"]
[Site "Issy les Moulineaux"]
[Date "2009.05.22"]
[Round "3"]
[White "Lebrun, Xavier"]
[Black "Danzanvilliers, Patrice"]
[Result "1/2-1/2"]
[WhiteElo "2210"]
[BlackElo "1873"]
[PlyCount "35"]
[EventDate "2009.05.21"]
[EventType "swiss"]
[EventRounds "6"]
[EventCountry "FRA"]
[SourceTitle "EXT 2010"]
[Source "ChessBase"]
[SourceDate "2010.11.25"]
[SourceVersion "1"]
[SourceVersionDate "2010.11.25"]
[SourceQuality "1"]

1. e4 e5 2. Nf3 Nf6 3. Nxe5 d6 4. Nf3 Nxe4 5. Nc3 Nxc3 6. dxc3 Be7 7. Bd3 Bg4 8. Be3 Nc6 9. Qd2 Qd7 10. 0-0-0 0-0-0 11. Bb5 Bf6 12. Bxa7 Bxf3 13. gxf3 Qf5 14. Bxc6 bxc6 15. Bd4 Qxf3 16. Bxf6 Qxf6 17. Qd4 Qxd4 18. cxd4 1/2-1/2

[Event "Saint Quentin op 11th"]
[Site "Elancourt"]
[Date "2009.04.25"]
[Round "9"]
[White "Riazuelo, Gilles"]
[Black "Lebrun, Xavier"]
[Result "0-1"]
[WhiteElo "2129"]
[BlackElo "2210"]
[PlyCount "68"]
[EventDate "2009.04.18"]
[EventType "swiss"]
[EventRounds "9"]
[EventCountry "FRA"]
[SourceTitle "CBM 129 Extra"]
[Source "ChessBase"]
[SourceDate "2009.05.05"]
[SourceVersion "2"]
[SourceVersionDate "2009.05.20"]
[SourceQuality "1"]

1. e4 e5 2. Nf3 Nc6 3. Bc4 Nf6 4. d4 exd4 5. e5 d5 6. Bb5 Ne4 7. Nxd4 Bc5 8. Be3 Bd7 9. Bxc6 bxc6 10. Nd2 Qe7 11. Nxe4 dxe4 12. e6 fxe6 13. Nxc6 Bxc6 14. Qh5+ g6 15. Qxc5 Qxc5 16. Bxc5 0-0-0 17. 0-0 a6 18. Rfd1 Rd5 19. Be7 Re8 20. Bh4 h6 21. c4 Rc5 22. b3 g5 23. Bg3 h5 24. h4 Rf5 25. Re1 Rg8 26. Re3 gxh4 27. Bxh4 Rf4 28. Be7 Rf5 29. Rd1 Rg7 30. Rd8+ Kb7 31. Bb4 Re5 32. Re1 e3 33. Rf8 Rxg2+ 34. Kf1 e2+ 0-1

[Event "Saint Quentin op 11th"]
[Site "Elancourt"]
[Date "2009.04.24"]
[Round "8"]
[White "Lebrun, Xavier"]
[Black "Guliyev, Namig"]
[Result "0-1"]
[WhiteElo "2210"]
[BlackElo "2534"]
[PlyCount "62"]
[EventDate "2009.04.18"]
[EventType "swiss"]
[EventRounds "9"]
[EventCountry "FRA"]
[SourceTitle "CBM 129 Extra"]
[Source "ChessBase"]
[SourceDate "2009.05.05"]
[SourceVersion "2"]
[SourceVersionDate "2009.05.20"]
[SourceQuality "1"]

1. e4 c5 2. Nf3 d6 3. d4 cxd4 4. Nxd4 Nf6 5. Nc3 a6 6. Be3 e6 7. f3 b5 8. Qd2 Nbd7 9. 0-0-0 Ne5 10. g4 b4 11. Nb1 h6 12. h4 d5 13. Bf4 Qc7 14. Nc6 Qxc6 15. Bxe5 Bb7 16. Qf4 Rc8 17. Bd3 Nxe4 18. fxe4 dxe4 19. Rhf1 f6 20. Bxf6 exd3 21. Bc3 Rc7 22. Rxd3 bxc3 23. Nxc3 Bc5 24. Rfd1 Be7 25. g5 hxg5 26. hxg5 Qc5 27. Kb1 Bxg5 28. Qa4+ Bc6 29. Qb3 Kf7 30. Rd6 Re8 31. Rxc6 Qxc6 0-1

[Event "Saint Quentin op 11th"]
[Site "Elancourt"]
[Date "2009.04.20"]
[Round "4"]
[White "Picart, Laurent"]
[Black "Lebrun, Xavier"]
[Result "1-0"]
[WhiteElo "2148"]
[BlackElo "2210"]
[PlyCount "65"]
[EventDate "2009.04.18"]
[EventType "swiss"]
[EventRounds "9"]
[EventCountry "FRA"]
[SourceTitle "CBM 129 Extra"]
[Source "ChessBase"]
[SourceDate "2009.05.05"]
[SourceVersion "2"]
[SourceVersionDate "2009.05.20"]
[SourceQuality "1"]

1. d4 Nf6 2. c4 d6 3. Nc3 Nbd7 4. e4 e5 5. Nf3 Be7 6. Be2 0-0 7. 0-0 c6 8. Qc2 b6 9. Rd1 Qc7 10. b3 Re8 11. Bb2 Bb7 12. Rac1 a6 13. Qb1 Bf8 14. d5 c5 15. Qc2 g6 16. Ne1 Bg7 17. a3 h5 18. b4 Nh7 19. Na4 Ng5 20. Rb1 cxb4 21. axb4 a5 22. Bc1 Bf6 23. c5 bxc5 24. bxc5 Nxc5 25. Nxc5 dxc5 26. h4 Nh7 27. d6 Qd7 28. Bb5 Bc6 29. Qxc5 Bxb5 30. Rxb5 Bxh4 31. Rxa5 Rxa5 32. Qxa5 Nf6 33. Nf3 1-0

[Event "Orsay-B"]
[Site "Orsay"]
[Date "2009.02.21"]
[Round "7"]
[White "Marchand, Andre"]
[Black "Lebrun, Xavier"]
[Result "0-1"]
[WhiteElo "2046"]
[BlackElo "2217"]
[PlyCount "66"]
[EventDate "2009.02.15"]
[EventType "tourn"]
[EventRounds "7"]
[EventCountry "FRA"]
[SourceTitle "CBM 129 Extra"]
[Source "ChessBase"]
[SourceDate "2009.05.05"]
[SourceVersion "2"]
[SourceVersionDate "2009.05.20"]
[SourceQuality "1"]

1. d4 Nf6 2. Nf3 d6 3. c4 Nbd7 4. Nc3 e5 5. e4 Be7 6. g3 0-0 7. Bg2 c6 8. 0-0 Re8 9. h3 Bf8 10. Be3 exd4 11. Nxd4 Nc5 12. Qc2 a5 13. Rfe1 a4 14. Rab1 Qa5 15. b4 axb3 16. axb3 Qb4 17. Bd2 Qb6 18. Be3 Qc7 19. f4 Bd7 20. b4 Ne6 21. Nf3 b5 22. f5 Nd8 23. Ra1 Rxa1 24. Rxa1 bxc4 25. Ra7 Qb8 26. Qa4 Bxf5 27. Nd2 d5 28. Bf4 Qb6+ 29. Kh2 Nxe4 30. Ndxe4 Bxe4 31. Nxe4 dxe4 32. Ra8 e3 33. Rb8 Qxb8 0-1

[Event "Orsay-B"]
[Site "Orsay"]
[Date "2009.02.18"]
[Round "4"]
[White "Lebrun, Xavier"]
[Black "Baron, Romuald"]
[Result "1/2-1/2"]
[WhiteElo "2217"]
[BlackElo "1942"]
[PlyCount "68"]
[EventDate "2009.02.15"]
[EventType "tourn"]
[EventRounds "7"]
[EventCountry "FRA"]
[SourceTitle "CBM 129 Extra"]
[Source "ChessBase"]
[SourceDate "2009.05.05"]
[SourceVersion "2"]
[SourceVersionDate "2009.05.20"]
[SourceQuality "1"]

1. e4 e6 2. d4 d5 3. e5 c5 4. c3 Nc6 5. Nf3 Nh6 6. Bxh6 gxh6 7. Be2 Qb6 8. b4 cxb4 9. 0-0 Bd7 10. cxb4 Bxb4 11. Qd3 Be7 12. Nc3 a6 13. Rab1 Qa5 14. Rxb7 Nb4 15. Qd2 0-0-0 16. Rxb4 Bxb4 17. Rc1 Kb7 18. a3 Qxa3 19. Rb1 Ka8 20. Nb5 Bxb5 21. Bxb5 axb5 22. Rxb4 Rc8 23. Rb2 Qc3 24. Qe2 Rc4 25. g3 b4 26. Ra2+ Kb8 27. Nd2 b3 28. Ra6 Rb4 29. Ra5 b2 30. Qa6 b1Q+ 31. Nxb1 Qe1+ 32. Kg2 Qe4+ 33. Kh3 Qf5+ 34. Kg2 Qe4+ 1/2-1/2

[Event "FRA-ch blitz"]
[Site "Paris"]
[Date "2009.01.25"]
[Round "2"]
[White "Shchekachev, Andrei"]
[Black "Lebrun, Xavier"]
[Result "1-0"]
[WhiteElo "2514"]
[BlackElo "2200"]
[PlyCount "53"]
[EventDate "2009.01.25"]
[EventType "swiss (blitz)"]
[EventRounds "13"]
[EventCountry "FRA"]
[SourceTitle "EXT 2011"]
[Source "ChessBase"]
[SourceDate "2010.11.26"]
[SourceVersion "1"]
[SourceVersionDate "2010.11.26"]
[SourceQuality "1"]

1. Nf3 Nf6 2. c4 g6 3. Nc3 Bg7 4. e4 d6 5. d4 0-0 6. h3 e5 7. d5 Na6 8. Bd3 Bd7 9. Bg5 Qe8 10. g4 h6 11. Be3 c6 12. Qd2 h5 13. Bh6 cxd5 14. Nxd5 Nxd5 15. cxd5 hxg4 16. hxg4 Bxg4 17. Bxg7 Kxg7 18. Qh6+ Kf6 19. Qg5+ Kg7 20. Qxg4 Nc5 21. Bc2 Rc8 22. Qh4 Qb5 23. Qh6+ Kf6 24. Qg5+ Kg7 25. Nh4 Qxb2 26. Nf5+ Kg8 27. Rh8+ 1-0